Anagramy krajów Europy - Statystyki

Ogólne statystyki
  • Ten quiz został rozwiązany 51 razy
  • Średni wynik to 30 z 47
Statystyki odpowiedzi
Podpowiedź Państwo % Poprawnych
Racja FN Francja
92%
Cech Zy Czechy
85%
Wital Litwa
85%
Raj OS Rosja
85%
Cłowyh Włochy
85%
Uraś Biło Białoruś
82%
Harce Biegoś I Wonna Bośnia i Hercegowina
82%
Ręgyw Węgry
82%
Tanie Wilk Araby Wielka Brytania
79%
Tawoł Łotwa
77%
Lina Fandi Finlandia
74%
Gej Car Grecja
74%
Szpin Ahia Hiszpania
72%
Kapsol Polska
72%
Wajacroch Chorwacja
69%
I Gleba Belgia
67%
Anida Dania
67%
Poniden Coma A Nółaco Macedonia Północna
67%
Nogi Wera Norwegia
67%
Jarcut Turcja
67%
Ługi Arab Bułgaria
64%
My Ceni Niemcy
64%
Wiena Soł Słowenia
64%
Oswoko Kosowo
62%
Na I Kura Ukraina
62%
Ibanala Albania
59%
Nodara Andora
59%
Gracz Anoró Czarnogóra
59%
Dolna Iha Holandia
59%
Diawomał Mołdawia
59%
Trap I Gluto Portugalia
59%
Resiba Serbia
59%
Wasz Cej Szwecja
59%
Surgembulk Luksemburg
56%
Lamat Malta
56%
Noamok Monako
56%
Mina Uru Rumunia
56%
Cwał Josa Słowacja
56%
Linda Rai Irlandia
54%
Kytawna Watykan
54%
Rita USA Austria
51%
Sdinalia Islandia
51%
Nioseta Estonia
49%
Wasz Ciaraj Szwajcaria
49%
Sechil Teninet Liechtenstein
44%
Onasmiarn San Marino
38%
Sznatkacha Kazachstan
33%
Nie znaleziono quizów pasujących do podanych kryteriów
Rozkład punktacji
Procent ludzi z każdym wynikiem
Percentyl według liczby udzielonych odpowiedzi
Twoja historia wyników
Nie rozwiązałeś tego quizu